00307nam a2200097Ia 4500008004100000245006900041245003000110260000900140650001200149856004800161171211s9999 xx 000 0 und d aDoctoring the Novel: Medicine and Quackery from Shelley to Doyle cSylvia A. Pamboukian Ph.D c2012 xCULTURE uhttp://down.ebook777.com/063/0821419900.pdf